=LDR 00000nam 2200000 4500 =001 INLIS000000000035679 =005 20130612141521 =008 ***********************************Ind** =035 ##$$0010-061300000035679 =041 ##$$a Ind =082 ##$$a 799.32 =090 ##$$a 799.32, Bar o2 =100 ##$$a Jean A Barret =245 ##$$a Olah Raga Panahan, Pedoman,Teknik dan Analisa =260 ##$$a 1997 $b Semarang =300 ##$$a 103 hlm, ilus, 22 cm =650 ##$$a olah raga panahan =850 ##$$a NBPNMAT